Statistics for Countries With Unique Spelling

Click here to take the quiz!

General Stats

  • This quiz has been taken 64 times
  • The average score is 36 of 54

Answer Stats

Country% Correct
France
85%
Peru
85%
China
83%
Iran
83%
Spain
83%
Chad
81%
Chile
81%
Cuba
81%
Norway
81%
Iraq
79%
Brazil
77%
Egypt
77%
Mali
77%
Mexico
77%
Turkey
77%
Ireland
75%
Oman
75%
Portugal
75%
Belgium
74%
Germany
74%
Iceland
74%
Denmark
72%
Hungary
70%
Israel
70%
Libya
70%
Ecuador
68%
Serbia
68%
Brunei
66%
Estonia
66%
Italy
66%
Laos
66%
Nepal
64%
Poland
64%
Sudan
64%
Suriname
64%
Ukraine
64%
Belarus
62%
Cyprus
62%
Kuwait
62%
Niger
62%
Jordan
60%
Syria
60%
Tonga
60%
Vietnam
60%
Slovenia
58%
Bhutan
55%
Gabon
51%
Honduras
51%
Kenya
51%
Guinea
49%
Singapore
42%
Switzerland
42%
Maldives
36%
Uzbekistan
30%

Score Distribution

Percentile by Number Answered

Percent of People with Each Score

Your Score History

You have not taken this quiz